Tâm lý lãnh đạo & quản lý

Salvato in:
Dettagli Bibliografici
Autore principale: Nguyễn, Phúc Ân
Natura: Libro
Lingua:Undetermined
Pubblicazione: Thành phố Hồ Chí Minh Trẻ 2006
Soggetti:
Tags: Aggiungi Tag
Nessun Tag, puoi essere il primo ad aggiungerne! !
Thư viện lưu trữ: Trung tâm Học liệu Trường Đại học Cần Thơ
LEADER 00597nam a2200217Ia 4500
001 CTU_101093
008 210402s9999 xx 000 0 und d
020 |c 24000 
082 |a 158.4 
082 |b Â121 
100 |a Nguyễn, Phúc Ân 
245 0 |a Tâm lý lãnh đạo & quản lý 
245 0 |c Nguyễn Phúc Ân 
260 |a Thành phố Hồ Chí Minh 
260 |b Trẻ 
260 |c 2006 
650 |a Success 
650 |x Sychological aspects 
650 |y Success in business 
904 |i Minh 
980 |a Trung tâm Học liệu Trường Đại học Cần Thơ